00871nam a22001937a 4500003000900000008004100009020001500050040007100065082001800136100001600154245014200170260003300312300002800345440003700373505019200410650002900602650002600631650002000657AR-CdUCM190227b ||||| |||| 00| 0 spa d a8425410770 aMUNICIPALIDAD PROVINCIAL DEL CUSCOcBIBLIOTECA MUNICIPAL DEL CUSCO a331.06 /bU95 aUtz, Arthur aLas asociaciones patronales y obreras en la economía, la sociedad y el estado :bantes del simposio internacional en Friburgo (Suiza) / aBarcelona :bHerder ,c1979. a260 páginas ;c22 cm. aStudia helvetica Friburgensian7 aEl concepto de partner social en su relación con la economía -- Los diversos aspectos de la responsabilidad económica -- Los sindicatos obreros y las organizaciones empresariales... aAsociaciones patronales. aAsociaciones obreras. aPartner social.